[Event "Unterfränkischen EM 2014"]
[Site "Wörth am Main"]
[Date "2014.04.25"]
[Round "9.9"]
[White "Pfister, Gerhard"]
[Black "Stegnar, Roland"]
[Result "1-0"]
[WhiteElo "1487"]
[BlackElo "1385"]
[PlyCount "103"]
[EventDate "2014.??.??"]

1. d4 Nf6 2. c4 e6 3. Nc3 d5 4. Bg5 Be7 5. cxd5 exd5 6. e3 a6 7. Bd3 Nc6 8. a3
Be6 9. Nf3 h6 10. Bxf6 Bxf6 11. O-O Qd7 12. b4 Ne7 13. a4 g5 14. a5 h5 15. Na4
Bg4 16. Nc5 Qc8 17. b5 Kf8 18. Be2 Bxf3 19. Bxf3 g4 20. Be2 axb5 21. Bxb5 c6
22. Bd3 Nf5 23. Bxf5 Qxf5 24. Nxb7 Be7 25. a6 Qe4 26. Qb1 Qxb1 27. Rfxb1 Kg7
28. Nc5 Bxc5 29. dxc5 Rhc8 30. Rb7 Kf6 31. a7 Kf5 32. Rxf7+ Ke4 33. Rb7 Rf8 34.
Rab1 d4 35. exd4 Kxd4 36. g3 Kxc5 37. Rb8 Rxf2 38. Kxf2 Rxa7 39. R1b2 Rf7+ 40.
Kg1 Rf6 41. Rf2 Re6 42. Rbf8 Kd4 43. Rd2+ Kc3 44. Ra2 c5 45. Rf5 c4 46. Rxh5
Rb6 47. Rc5 Rb4 48. Rf2 Kb3 49. Rf4 c3 50. Rxb4+ Kxb4 51. Rc8 Kb3 52. h4 1-0

[Event "Unterfränkischen EM 2014"]
[Site "Wörth am Main"]
[Date "2014.04.25"]
[Round "9.10"]
[White "Heerlein, Gerd"]
[Black "Brennfleck, Martin"]
[Result "1/2-1/2"]
[WhiteElo "1775"]
[BlackElo "1464"]
[PlyCount "24"]
[EventDate "2014.??.??"]

1. d4 d5 2. c4 c6 3. Nc3 e6 4. e3 Nd7 5. Nf3 Ngf6 6. Bd3 dxc4 7. Bxc4 b5 8. Bd3
a6 9. O-O c5 10. dxc5 Nxc5 11. Be2 Qxd1 12. Rxd1 Be7 {=} 1/2-1/2

[Event "Unterfränkischen EM 2014"]
[Site "Wörth am Main"]
[Date "2014.04.25"]
[Round "9.12"]
[White "Hasenstab, Rainer"]
[Black "Porstendörfer, Yannik"]
[Result "0-1"]
[WhiteElo "1004"]
[BlackElo "904"]
[PlyCount "64"]
[EventDate "2014.??.??"]

1. e4 e5 2. Qf3 Nf6 3. d3 h6 4. Nc3 Bc5 5. Nd5 Nxd5 6. exd5 d6 7. Be3 Bb6 8.
Bxb6 axb6 9. c4 c6 10. Qg3 O-O 11. Be2 Bf5 12. a3 Nd7 13. dxc6 bxc6 14. f4 Re8
15. Rd1 Re7 16. Rd2 Nc5 17. Nf3 exf4 18. Qf2 Nxd3+ 19. Rxd3 Bxd3 20. Nd4 Qc7
21. Qf3 Bxe2 22. Nxe2 Rae8 23. O-O Rxe2 24. b4 Re1 25. h3 Rxf1+ 26. Qxf1 d5 27.
cxd5 cxd5 28. Qb5 Re1+ 29. Kf2 Qe7 30. Kf3 Qe3+ 31. Kg4 Qg3+ 32. Kf5 Qg5# 0-1